[Event "SG Ahaus-Wessum 1 - SF Stadtlohn 1"]
[Site "Verbandsliga 2016/2017"]
[Date "2016.11.12"]
[Round "3.3"]
[White "Krosenbrink, Marcel"]
[Black "Bauland, Thomas"]
[Result "0-1"]
[WhiteElo "1835"]
[BlackElo "1861"]
[PlyCount "46"]
[EventDate "2016.??.??"]
[SourceDate "2016.09.26"]

1. e4 e6 2. d4 d5 3. Nc3 Nf6 4. exd5 Nxd5 5. Nf3 Be7 6. Bd3 O-O 7. Nxd5 exd5 8.
Be3 Nc6 9. c3 Bf6 10. Qc2 g6 11. O-O-O Ne7 12. h3 Bf5 13. g4 Bxd3 14. Qxd3 Qd7
15. Rdg1 Qa4 16. Kb1 Qc4 17. Qxc4 dxc4 18. h4 Nd5 19. Bg5 Bg7 20. Re1 Rae8 21.
Ne5 f6 22. Nd7 Rxe1+ 23. Rxe1 Rd8 0-1

[Event "SG Ahaus-Wessum 1 - SF Stadtlohn 1"]
[Site "Verbandsliga 2016/2017"]
[Date "2016.11.12"]
[Round "3.4"]
[White "Winking, Hendirk"]
[Black "Te Sligte, Bert"]
[Result "1/2-1/2"]
[WhiteElo "1934"]
[BlackElo "1828"]
[PlyCount "25"]
[EventDate "2016.??.??"]
[SourceDate "2016.09.26"]

1. d4 Nf6 2. c4 e6 3. Nf3 c5 4. e3 cxd4 5. exd4 Bb4+ 6. Bd2 Bxd2+ 7. Nbxd2 O-O
8. Be2 d5 9. cxd5 Nxd5 10. O-O Nc6 11. Ne4 Nf6 12. Nxf6+ Qxf6 13. Bb5 1/2-1/2

[Event "SG Ahaus-Wessum 1 - SF Stadtlohn 1"]
[Site "Verbandsliga 2016/2017"]
[Date "2016.11.12"]
[Round "3.5"]
[White "Kloster, Daniel"]
[Black "ter Horst, Carsten"]
[Result "1/2-1/2"]
[WhiteElo "1769"]
[BlackElo "1847"]
[PlyCount "60"]
[EventDate "2016.??.??"]
[SourceDate "2016.09.26"]

1. d4 d5 2. Nf3 Nf6 3. Bf4 e6 4. e3 c5 5. c3 Nc6 6. Nbd2 Nh5 7. Bg5 f6 8. Bh4
g5 9. Nxg5 Ng7 10. Ngf3 Be7 11. dxc5 Bxc5 12. Nb3 Be7 13. Bb5 O-O 14. Qc2 e5
15. O-O-O Bf5 16. Qd2 Nb4 17. Rde1 Nxa2+ 18. Kd1 a6 19. Bf1 Rc8 20. Ke2 Qb6 21.
Nc1 d4 22. exd4 e4 23. Ng1 Qe6 24. Nxa2 Qc4+ 25. Kd1 Qxa2 26. f3 Qb3+ 27. Qc2
Qxc2+ 28. Kxc2 exf3+ 29. Kd2 Bd6 30. Nxf3 Bf4+ 1/2-1/2

[Event "SG Ahaus-Wessum 1 - SF Stadtlohn 1"]
[Site "Verbandsliga 2016/2017"]
[Date "2016.11.12"]
[Round "3.6"]
[White "Woltering, Martin"]
[Black "Bußwolder, Peter"]
[Result "1/2-1/2"]
[WhiteElo "1789"]
[BlackElo "1734"]
[PlyCount "45"]
[EventDate "2016.??.??"]
[SourceDate "2016.09.26"]

1. e4 c5 2. Nc3 Nc6 3. f4 d6 4. Bb5 Bd7 5. Nf3 e6 6. O-O a6 7. Bxc6 Bxc6 8. d3
Nf6 9. Qe1 Be7 10. Qg3 O-O 11. f5 exf5 12. exf5 Kh8 13. b3 d5 14. Bd2 d4 15.
Ne2 Bd6 16. Qh3 Re8 17. Rae1 Kg8 18. Nf4 Qc7 19. Nh5 Nxh5 20. Qxh5 f6 21. g3
Qf7 22. Qxf7+ Kxf7 23. Kf2 1/2-1/2

[Event "SG Ahaus-Wessum 1 - SF Stadtlohn 1"]
[Site "Verbandsliga 2016/2017"]
[Date "2016.11.12"]
[Round "3.7"]
[White "Becking, Stefan"]
[Black "Wensing, Maximilian"]
[Result "0-1"]
[WhiteElo "1671"]
[BlackElo "1860"]
[PlyCount "46"]
[EventDate "2016.??.??"]
[SourceDate "2016.09.26"]

1. e4 c5 2. Nf3 d6 3. d4 cxd4 4. Nxd4 Nf6 5. Nc3 a6 6. h3 e5 7. Nb3 h5 8. Bg5
Be6 9. Be2 Nbd7 10. a4 Be7 11. O-O Rc8 12. Qd2 Qb6 13. a5 Qc6 14. Rfd1 Bxb3 15.
cxb3 Nc5 16. Nd5 Nxb3 17. Nxe7 Kxe7 18. Qb4 Nxa1 19. Bxf6+ gxf6 20. Rxa1 Rc7
21. Rd1 Qc5 22. Qd2 Rc6 23. b3 Qc2 0-1

[Event "SG Ahaus-Wessum 1 - SF Stadtlohn 1"]
[Site "Verbandsliga 2016/2017"]
[Date "2016.11.12"]
[Round "3.8"]
[White "Terdues, Guido"]
[Black "Wensing, Herbert"]
[Result "0-1"]
[WhiteElo "1727"]
[BlackElo "1689"]
[PlyCount "68"]
[EventDate "2016.??.??"]
[SourceDate "2016.09.26"]

1. f4 e5 2. fxe5 d6 3. exd6 Bxd6 4. Nf3 g5 5. g3 h5 6. d4 f6 7. Qd3 Ne7 8. e4
Nbc6 9. c3 h4 10. e5 Bf5 11. Qb5 a6 12. Qe2 fxe5 13. dxe5 Bc5 14. Bxg5 hxg3 15.
Be3 Bd3 16. Qd2 Bxf1 17. Bxc5 Qxd2+ 18. Nbxd2 Bg2 19. O-O-O Bxh1 20. Rxh1 O-O-O
21. h4 Ng6 22. Bd4 Nf4 23. Kd1 Nd3 24. Kc2 Nxd4+ 25. cxd4 Nf4 26. Rg1 Rhg8 27.
Ne4 Ne2 28. Rg2 Nxd4+ 29. Nxd4 Rxd4 30. Nf6 Rxh4 31. Kd3 Rh2 32. Rg1 Rg6 33.
Ke3 Rxb2 34. Rh1 b5 0-1

[Event "Südlohner SV 2 - SC Rochade Emsdetten 2"]
[Site "Verbandsliga 2016/2017"]
[Date "2016.11.05"]
[Round "3.1"]
[White "Böhlich, Daniel"]
[Black "Richters, Alfred"]
[Result "1-0"]
[WhiteElo "1994"]
[BlackElo "1885"]
[PlyCount "85"]
[EventDate "2016.??.??"]
[SourceDate "2016.09.26"]

1. d4 e6 2. c4 f5 3. Nf3 Nf6 4. g3 Be7 5. Bg2 O-O 6. O-O d6 7. b3 Qe8 8. Bb2
Nbd7 9. Ng5 Bd8 10. Nd2 h6 11. Ngf3 e5 12. dxe5 dxe5 13. e4 fxe4 14. Nxe4 Qh5
15. Nxe5 Qxd1 16. Raxd1 Nxe5 17. Bxe5 c6 18. Nxf6+ Bxf6 19. Bxf6 Rxf6 20. Rfe1
Be6 21. Rd6 Kf7 22. f4 a5 23. Rd2 Ra7 24. a3 Bf5 25. Re3 h5 26. Bf3 g6 27. Rd8
Be6 28. Rd4 Bf5 29. Kf2 Be6 30. Re5 Ra8 31. Rd6 Ke7 32. Rd4 Kf7 33. Kg2 Bf5 34.
h3 Be6 35. g4 hxg4 36. hxg4 Ra6 37. Kg3 Ra8 38. Rd6 a4 39. g5 Rf5 40. Rdxe6
Rxe5 41. Rxe5 axb3 42. Re2 Rxa3 43. Rb2 1-0

[Event "Südlohner SV 2 - SC Rochade Emsdetten 2"]
[Site "Verbandsliga 2016/2017"]
[Date "2016.11.05"]
[Round "3.2"]
[White "Telöken, Stefan"]
[Black "Schelwokat, Peter"]
[Result "0-1"]
[WhiteElo "1759"]
[BlackElo "1869"]
[PlyCount "120"]
[EventDate "2016.??.??"]
[SourceDate "2016.09.26"]

1. c4 Nf6 2. g3 g6 3. Bg2 c5 4. Nc3 Nc6 5. Nf3 Bg7 6. O-O O-O 7. b3 d5 8. Bb2
d4 9. Na4 Qd6 10. d3 Nd7 11. Ng5 b6 12. Rb1 Rb8 13. Bc1 h6 14. Nh3 f5 15. Nf4
Kh7 16. h4 e5 17. Nd5 Nf6 18. Nxf6+ Bxf6 19. Bd2 Bd7 20. a3 a5 21. Qe1 Rfe8 22.
Qc1 Qf8 23. Qc2 Qe7 24. Qc1 Bg7 25. Nb2 e4 26. dxe4 fxe4 27. e3 Rbd8 28. Na4
Rb8 29. exd4 Nxd4 30. Kh1 Bg4 31. Bf4 Rb7 32. Nc3 Bf3 33. Re1 Qd7 34. Kh2 Qf5
35. Rb2 g5 36. hxg5 hxg5 37. Bxg5 Kg6 38. Bh4 Rh8 39. Nxe4 Be5 40. Qg5+ Qxg5
41. Nxg5 Rxh4+ 42. Kg1 Kxg5 43. gxh4+ Kf4 44. Kf1 Rg7 45. Bh3 Rh7 46. Re3 Rxh4
47. Bg2 Rh2 48. Bxf3 Nxf3 49. Rbe2 Rh1+ 50. Kg2 Rg1+ 51. Kh3 Rg6 52. Rc2 Bd4
53. Re8 Ng5+ 54. Kg2 Ne4+ 55. Kf1 Kf3 56. Rd8 Rf6 57. b4 axb4 58. axb4 Bxf2 59.
Rd3+ Be3 60. bxc5 bxc5 0-1

[Event "Südlohner SV 2 - SC Rochade Emsdetten 2"]
[Site "Verbandsliga 2016/2017"]
[Date "2016.11.05"]
[Round "3.3"]
[White "Lücke, Thomas"]
[Black "Schmeing, Manfred"]
[Result "1-0"]
[WhiteElo "1825"]
[BlackElo "1765"]
[PlyCount "113"]
[EventDate "2016.??.??"]
[SourceDate "2016.09.26"]

1. c4 g6 2. Nc3 Bg7 3. g3 e5 4. Bg2 c6 5. d3 Ne7 6. Nf3 O-O 7. O-O d5 8. cxd5
cxd5 9. Bg5 Re8 10. Rc1 h6 11. Bd2 Nbc6 12. Qa4 Be6 13. a3 a6 14. b4 b5 15. Qd1
Qd7 16. e3 Rac8 17. Ne2 Bh3 18. Bc3 Bxg2 19. Kxg2 g5 20. d4 e4 21. Nd2 Nf5 22.
Nb3 Nb8 23. Nc5 Qe7 24. a4 Qf6 25. Bd2 Nd6 26. Nc3 Qf5 27. g4 Qg6 28. Nxd5 f5
29. h3 fxg4 30. hxg4 h5 31. gxh5 Qf7 32. Nc3 Nd7 33. axb5 axb5 34. Rh1 Nxc5 35.
bxc5 Nf5 36. Nxb5 Nh4+ 37. Rxh4 Rf8 38. Rg4 Qxf2+ 39. Kh1 Rf3 40. Qxf3 Qxf3+
41. Rg2 Qxh5+ 42. Kg1 Bf8 43. Nc3 Bxc5 44. Nxe4 Kf8 45. Nxc5 Re8 46. e4 g4 47.
e5 Re7 48. e6 Rh7 49. Bf4 Qd5 50. Be5 Ke7 51. Rb1 Rh5 52. Rb7+ Ke8 53. Bf6 Qd6
54. Rd7 Qb6 55. Rd8+ Qxd8 56. Bxd8 Kxd8 57. Rxg4 1-0

[Event "Südlohner SV 2 - SC Rochade Emsdetten 2"]
[Site "Verbandsliga 2016/2017"]
[Date "2016.11.05"]
[Round "3.4"]
[White "Musholt, Joachim"]
[Black "Hedwig, Johannes"]
[Result "1-0"]
[WhiteElo "1677"]
[BlackElo "1784"]
[PlyCount "135"]
[EventDate "2016.??.??"]
[SourceDate "2016.09.26"]

1. e4 d5 2. exd5 Qxd5 3. Nc3 Qa5 4. d4 Nf6 5. Bd3 c6 6. Nge2 e6 7. O-O Bd6 8.
h3 O-O 9. Ne4 Nxe4 10. Bxe4 Nd7 11. c4 Nf6 12. Bc2 e5 13. Bg5 Be7 14. Bd2 Qc7
15. dxe5 Qxe5 16. Bc3 Qc7 17. Nd4 Qf4 18. Qf3 Qxf3 19. Nxf3 Be6 20. Rfe1 Rfe8
21. b3 b5 22. Nd4 Bd7 23. Bf5 Bxf5 24. Nxf5 Kf8 25. Re5 Nd7 26. Rxe7 Rxe7 27.
Bxg7+ Kg8 28. Nxe7+ Kxg7 29. Nxc6 bxc4 30. bxc4 Rc8 31. Nxa7 Rxc4 32. Nb5 Nb6
33. Nd6 Ra4 34. Rb1 Nc4 35. Nxc4 Rxc4 36. Kf1 Ra4 37. Rb2 Kg6 38. Re2 f6 39. f3
Ra3 40. Kf2 h6 41. Kg3 Ra4 42. Kf2 Ra3 43. Ke1 Kg5 44. Kd1 f5 45. Kc1 h5 46.
Kb2 Rd3 47. a4 h4 48. Kb1 Kf4 49. Ra2 Kg3 50. a5 Rd8 51. a6 Rb8+ 52. Kc1 Ra8
53. a7 Kf4 54. Kd2 Rd8+ 55. Kc3 Ra8 56. Kd4 Kg3 57. Ke3 Re8+ 58. Kd2 Ra8 59.
Ke1 Re8+ 60. Kf1 Ra8 61. Ra1 Kf4 62. Kf2 Kg5 63. Ke3 Re8+ 64. Kd4 Ra8 65. Ke5
Re8+ 66. Kd6 Ra8 67. Ra4 Kf6 68. Kc7 1-0

[Event "Südlohner SV 2 - SC Rochade Emsdetten 2"]
[Site "Verbandsliga 2016/2017"]
[Date "2016.11.05"]
[Round "3.5"]
[White "Fehlings, Gerd"]
[Black "Emming, Benedikt"]
[Result "0-1"]
[WhiteElo "1753"]
[BlackElo "1749"]
[PlyCount "54"]
[EventDate "2016.??.??"]
[SourceDate "2016.09.26"]

1. d4 d5 2. Nf3 Nf6 3. c4 e6 4. g3 c6 5. Bg2 Nbd7 6. O-O Ne4 7. Nbd2 Ndf6 8.
Qc2 Bd6 9. b3 O-O 10. Bb2 b6 11. Ne1 Nxd2 12. Qxd2 Bb7 13. f3 dxc4 14. bxc4 c5
15. Rd1 cxd4 16. Bxd4 Be7 17. f4 Bxg2 18. Kxg2 Qc7 19. Qc2 Rac8 20. Rc1 Rfd8
21. Nf3 Qc6 22. Qb2 Ne8 23. Kh3 h6 24. Nd2 Ba3 25. Qc3 Bxc1 26. Rxc1 Qd7 27.
Nb3 e5+ 0-1

[Event "Südlohner SV 2 - SC Rochade Emsdetten 2"]
[Site "Verbandsliga 2016/2017"]
[Date "2016.11.05"]
[Round "3.6"]
[White "van de Laar, Han"]
[Black "Hemmers, Dieter"]
[Result "0-1"]
[WhiteElo "1634"]
[BlackElo "1782"]
[PlyCount "54"]
[EventDate "2016.??.??"]
[SourceDate "2016.09.26"]

1. Nf3 c5 2. c4 Nc6 3. Nc3 g6 4. e3 Nf6 5. Be2 Bg7 6. O-O O-O 7. h3 d5 8. cxd5
Nxd5 9. a3 e5 10. d3 h6 11. Qc2 Be6 12. Bd2 Rc8 13. Nxd5 Qxd5 14. Bc3 b5 15.
Qd1 Rfd8 16. Qe1 Rd7 17. Rc1 Rdc7 18. Nh2 Qd6 19. e4 f5 20. f3 f4 21. Ng4 h5
22. Nf2 b4 23. axb4 cxb4 24. Bd2 a5 25. Nd1 Nd4 26. Rxc7 Qxc7 27. g4 fxg3 0-1

[Event "Südlohner SV 2 - SC Rochade Emsdetten 2"]
[Site "Verbandsliga 2016/2017"]
[Date "2016.11.05"]
[Round "3.7"]
[White "Wehmeier, Sven"]
[Black "Höing, Johannes"]
[Result "0-1"]
[WhiteElo "1776"]
[BlackElo "1798"]
[PlyCount "130"]
[EventDate "2016.??.??"]
[SourceDate "2016.09.26"]

1. e4 e6 2. Nf3 d5 3. exd5 exd5 4. d4 Bd6 5. g3 Nf6 6. Bg2 O-O 7. O-O h6 8. Qd3
b6 9. Re1 c5 10. c3 Nbd7 11. a4 Bb7 12. Na3 a6 13. Nc2 c4 14. Qd1 b5 15. axb5
axb5 16. Rxa8 Bxa8 17. Ne3 Re8 18. Nf5 Bf8 19. Rxe8 Qxe8 20. Qe1 Qxe1+ 21. Nxe1
Nb6 22. Nc2 Bb7 23. f3 Kh7 24. Kf2 g6 25. Nfe3 Kg7 26. h4 h5 27. Bh3 Bd6 28.
Ng2 Bc8 29. Bxc8 Nxc8 30. Nge3 Nb6 31. Nf1 Kf8 32. Nd2 Ke7 33. Nb1 Kd7 34. Nba3
Kc6 35. Nb4+ Bxb4 36. cxb4 Nfd7 37. Ke3 Nc8 38. Kf4 Ne7 39. g4 Nf6 40. Nc2 Kd6
41. Kg5 Ke6 42. gxh5 Nxh5 43. Na3 Nc6 44. Nxb5 Nxb4 45. Bd2 Nd3 46. Bc3 Kd7 47.
Na3 Ndf4 48. Nc2 Ne6+ 49. Kg4 f5+ 50. Kh3 Nef4+ 51. Kh2 Kc6 52. Bb4 Nd3 53. Ba3
Kb5 54. Ne3 Ndf4 55. Kg1 Ka4 56. Kf1 Kb3 57. Nd1 Nd3 58. Ne3 Nxb2 59. Bxb2 Kxb2
60. Nxd5 c3 61. Nxc3 Kxc3 62. d5 Kd4 63. d6 Nf6 64. Kf2 f4 65. Kg2 Ke3 0-1

[Event "Südlohner SV 2 - SC Rochade Emsdetten 2"]
[Site "Verbandsliga 2016/2017"]
[Date "2016.11.05"]
[Round "3.8"]
[White "Kelecic, Dominik"]
[Black "Peters, Tobias"]
[Result "0-1"]
[WhiteElo "1646"]
[BlackElo "1549"]
[PlyCount "60"]
[EventDate "2016.??.??"]
[SourceDate "2016.09.26"]

1. e4 c5 2. Nf3 d6 3. d4 cxd4 4. Nxd4 Nf6 5. Nc3 g6 6. Bc4 Bg7 7. Be3 O-O 8.
Qd2 Ng4 9. Bb3 Nxe3 10. Qxe3 Nc6 11. Nxc6 bxc6 12. O-O-O a5 13. h4 Bd7 14. Rd3
Qb8 15. h5 a4 16. Nxa4 Rxa4 17. Bxa4 Qxb2+ 18. Kd1 Qxa2 19. Bb3 Qa1+ 20. Qc1
Qe5 21. Qe3 Qa1+ 22. Qc1 Qe5 23. f3 Ra8 24. Ke2 c5 25. Rd5 Qc3 26. Rhd1 c4 27.
Bxc4 Qxc4+ 28. Kf2 Ra1 29. Qd2 Rxd1 30. Qxd1 Ba4 0-1